Statistics for Fast Typing 1 to 100

Click here to take the quiz!

General Stats

  • This quiz has been taken 39 times
  • The average score is 75 of 100

Answer Stats

Answer% Correct
1
100%
2
100%
11
97%
3
97%
4
97%
5
97%
6
97%
7
97%
8
97%
9
97%
10
94%
12
94%
13
94%
23
94%
15
91%
16
91%
17
91%
18
91%
19
91%
20
91%
21
91%
22
91%
14
88%
30
88%
32
88%
33
88%
34
88%
37
88%
24
85%
25
85%
26
85%
27
85%
28
85%
29
85%
31
85%
35
85%
38
85%
39
85%
40
85%
36
82%
41
82%
43
82%
44
82%
45
82%
42
79%
50
79%
46
76%
48
76%
51
76%
52
76%
53
76%
55
76%
56
76%
47
73%
49
73%
54
73%
58
73%
59
73%
65
73%
67
73%
68
73%
69
73%
70
73%
75
73%
57
70%
60
70%
62
70%
63
70%
64
70%
66
70%
71
70%
72
70%
76
70%
77
70%
61
67%
73
67%
74
64%
78
64%
80
64%
79
61%
81
61%
82
61%
83
61%
84
55%
85
55%
86
52%
87
52%
88
52%
89
52%
90
48%
96
48%
99
48%
100
45%
94
45%
98
45%
91
42%
92
42%
93
42%
95
42%
97
42%

Score Distribution

Percentile by Number Answered

Percent of People with Each Score

Your Score History

You have not taken this quiz